Quizzes
Events
Quiz Creation
Community
Videos
Private Events
Remove Ads
Sign In
Join for FREE
Feedback
Dark Mode
Quiz Categories
Sports
Geography
Music
Movies
Television
Just For Fun
Miscellaneous
History
Literature
Language
Science
Gaming
Entertainment
Religion
Holiday
For Kids
Quiz Lab
Recent
Popular Today
Quiz Kudos Today
Editor Picks
Curator Picks
Quizzes by...
Day
Popularity
Type
Ratings
Length
Year
Community
Subscriptions
Recent Discussions
Orange Saloon
Badges
Playlists
Quests
Create
Leaderboards
Showdown
Live 5
Trivia Bingo
Activity
Puzzle Library
Sporcle Events
Private Events
Virtual Trivia
Globe League
Become a Host
Pub Owners
SporcleCon
Opinionation
Our Games
Videos
Blog
Mobile Apps
Partnerships
Remove Ads and Go Orange
Feedback
History
US Presidents
World Leaders
Politics
Nation
Discovery
War
Decade
Year
Century
Biography
Art
History
US Presidents
World Leaders
Politics
Nation
Discovery
War
Decade
Year
Century
Biography
Art
Random Quiz
Search Sporcle
×
Quiz Lab
Quiz Lab
History
Blitz
Type in answers that appear in a list
Type in answers that appear in a list
Classic
Best Score? Go Orange.
Pearl Harbor Blitz Stats
Can you name the answers to these Pearl Harbor questions?
By
mrblonde811
60s
14 Questions
429 Plays
429 Plays
429 Plays
Comments
Comments
Give Quiz Kudos
Give Quiz Kudos
-
- Ratings
hide this ad
More Info
Forced Order
Answers have to be entered in order
Answers have to be entered in order
Replay
Link that replays current quiz
Next Quiz
Link to next quiz in quiz playlist
You Got
0%
They Got
Avg Score
49%
Avg Friend Score
Upgrade to see
Score Distribution
Jump to the score distribution portion of the page
Score
0/14
Timer
01:00
0
Plays Today
Question
Answer
% Correct
What month did it occur?
December
90.2%
Where is Pearl Harbor?
Oahu
89.3%
What year did the attack on Pearl Harbor occur?
1941
86.9%
What nation attacked Pearl Harbor?
Japan
76%
What day of that month?
7
62.9%
What type of military installment is at Pearl Harbor?
Naval Base
49.7%
Which American battleship exploded in the attack?
Arizona
49%
Question
Answer
% Correct
What major conflict was this a part of?
WW2
45%
Who was the President of the United States at this time?
Franklin Roosevelt
39.2%
How many American casualties were there(to the nearest hundred?
2400
33.8%
This President called the event: 'A day that will live in...'
infamy
22.1%
What nation did the United States declare war on the day after the attack?
Japan
19.3%
Who was the leader of the nation that attacked Pearl Harbor?
Hirohito
17.9%
What two nations did the United States declare war on four days after the attack?
Germany and Italy
10.5%
Quiz Playlist
Details
Report
Send in Message
Add To Playlist
More Info:
Answer these questions pertaining to the Pearl Harbor attack.
Classic:
Type in answers that appear in a list
Forced Order:
Answers have to be entered in order
Last Updated: Feb 16, 2017
Quiz Scoreboard
CHALLENGE
Sign Up to Join the Scoreboard
Show All
Scores
Hide
Comments
May contain spoilers
Recently Published
Alphabetical 'K' Countries by Flag Minefield
by ylime102
Geography
3m
Pick 6: Fruits
by JohnFran
Miscellaneous
15s
Click the 1999 NBA Draft
by nibperrychub
Sports
2m
More to Explore
Quiz From the Vault
Featured Blog Post
15 Basketball Trivia Facts You Can Be March Mad About
hide this ad
You Might Also Like...
Tags
Blitz Quiz
harbor
pearl
Today's Top Quizzes in History
Browse History
hide this ad
Today's Top Quizzes in Blitz
Browse Blitz
Top Contributed Quizzes in History
1
Nickname Match: US Presidents
2
I Am Born On March 18th
3
Nickname Match: World Leaders II
4
Nickname Match: US Presidents II
5
Famous People on Time Magazine Covers III (Slideshow)
6
10 to 1: Generals by War
7
27 Amendments
8
Order the British Succession
9
Constitutional Quiz
10
New Deal Alphabet Soup
Explore More
Trending Topics
NBA
Harry Potter
Crossword
Marvel
Anime
Kpop
Disney
The Office
Song
Puzzle
WWE
Pokémon
Country
Soccer
NFL
hide this ad
More By:
mrblonde811
Quiz
Plays
Rating
Category
Featured
Created
Rolling Stone's 100 Greatest Singers
1,438
4.29
Music
Sep 23, 2009
Presidential Losers: 1796-2008
834
5.00
History
Mar 4, 2012
Supreme Court nominees since 1950
683
4.13
History
Jan 9, 2015
U.S. Foreign Military Interventions since 1950
482
3.85
History
Mar 17, 2011
Pearl Harbor Blitz
429
2.00
History
Mar 2, 2012
Go to Creator's Profile
Score Distribution
Quiz Creator Spotlight
mrblonde811
Follow
Send a Message
Quizzes Created
-
Created Quiz Play Count
-
More By This Creator
Popular Quizzes Today
1
Find the US States - No Outlines Minefield
2
Pick 6: Fruits
3
Countries of Asia Without Outlines Minefield
4
Alphabetical 'K' Countries by Flag Minefield
5
The Countries of the World
6
Match the Book to the Film X
7
Click the 1999 NBA Draft
8
NBA Logic Puzzle
More History Quizzes
Heirs to the British Throne
Published
Trending Quizzes
Donkey Kong Minefield
Multiplication Danger Zone
DC Extended Universe: Oldest to Newest
The 3rd Thing You Need to Know: Actresses
Minefield Map: North American Capitals
Recently Updated
Women's Final Four Teams by Year
bhenderson79
Presidents Quartet II
eogle
Anything But Clue(do)
eogle
Anything But Oceanian Capitals
eogle
Anything But 7
eogle
Anything But Thing
eogle
Word Ladder: February 29
pecheneg
Song Title Questions
pecheneg
Women's NCAA Tournament #1 Seeds
pecheneg
Celebrity Mug Shots
pecheneg
Trending Topics
Harry Potter
Disney
Kpop
Anime
Crossword
Marvel
NBA
Country
Pokémon
WWE
Soccer
The Office
Puzzle
Song
NFL
Your Account Isn't Verified!
In order to create a playlist on Sporcle, you need to verify the email address you used during registration. Go to your
Sporcle Settings
to finish the process.
Report this User
Report this user for behavior that violates our
Community Guidelines
.
Details:
Send Report
Go to the Sporcle.com Mobile Site →
Comments